000 00598 a2200193 4500
003 Nust
005 20221216120506.0
010 _a 92930204
020 _a9694071186 :
040 _cNust
082 0 0 _a306.095491,HAF
100 1 _aHafeez, Sabeeha.
_9105057
245 1 4 _aThe changing Pakistan society /
_cSabeeha Hafeez.
260 _aKarachi, Pakistan :
_bRoyal Book Co.,
_c1991.
300 _axi, 334 p. ;
_c23 cm.
505 _aPart-I Theory and Method (Paeg-1),Part-II Perspectives and Problems (Paeg-256).
651 0 _aPakistan
_xSocial conditions.
942 _2ddc
_cBK
_k306.095491,HAF
999 _c176864
_d176864